Music Quiz

Random Music or Clickable Quiz

Fictional 60s Bands Quiz Stats

 Plays Quiz not verified by Sporcle

Score 0/10 Timer 04:00
0 Plays Today
% Correct
The Turtles
91.7%
The Rascals
87.5%
The Dixie Cups
86.1%
? and the Mysterians
84.7%
The McCoys
83.3%
The Buckinghams
77.8%
Wayne Fontana and the Mindbenders
63.9%
Archie Bell and the Drells
62.5%
Hollywood Argyles
44.4%
Jimmy Gilmer and the Fireballs
41.7%

You're not logged in!

Compare scores with friends on all Sporcle quizzes.
OR
Log In

Show Comments

Extras

Created May 24, 2014ReportNominate
Tags:Clickable Quiz, fictional

Top Quizzes Today


Score Distribution

Your Account Isn't Verified!

In order to create a playlist on Sporcle, you need to verify the email address you used during registration. Go to your Sporcle Settings to finish the process.

Report this User

Report this user for behavior that violates our Community Guidelines.

Details: